000 00757nam a2200229Ia 4500
001 9709
003 GE_BSU
008 181216s||||||||xx |||||||||||||| ||und||
040 _cGE_BSU
080 _a821.353.1-32
100 _aნატროშვილი,გიორგი
245 _aისევ გაზაფხული იყო
245 _bმოთხრობები
245 _cრედ:ირ.აბაშიძე;მხატვ:.ა.ვეფხვაძე
260 _aთბილისი.
260 _bსაბჭ.მწერალი.
260 _c1957
300 _a281გვ;20სმ
653 _aისევ გაზაფხული იყო
653 _aმოთხრობები
942 _cBK
999 _c42992
_d42992